000 00276nam a2200109Ia 4500
005 20251222152622.0
008 251222s9999||||xx |||||||||||||| ||spa||
082 _a303.6/Y93
100 _aYumbay, Arturo
245 0 _aEl Movimiento Indígena como Actor Político:
942 _cLIB
999 _c27375
_d27375